Harry Potter and the Chamber of Secrets / (Record no. 14057)

000 -LEADER
fixed length control field 01062cam a2200265 a 4500
020 ## - INTERNATIONAL STANDARD BOOK NUMBER
ISBN 0439064864 (hardcover)
040 ## - CATALOGING SOURCE
Transcribing agency DLC
082 00 - DEWEY DECIMAL CLASSIFICATION NUMBER
Classification number 823 ART 1999 A094 Or.
100 1# - MAIN ENTRY--AUTHOR NAME
Personal name Rowling, J. K.
245 10 - TITLE STATEMENT
Title Harry Potter and the Chamber of Secrets /
260 ## - PUBLICATION, DISTRIBUTION, ETC. (IMPRINT)
Place of publication New York :
Name of publisher Arthur A. Levine Books,
Year of publication 1999.
300 ## - PHYSICAL DESCRIPTION
Number of Pages viii, 341 p. :
Other physical details ill. ;
Dimensions 24 cm.
500 ## - GENERAL NOTE
General note "Year 2"--Spine.
500 ## - GENERAL NOTE
General note Sequel to: Harry Potter and the sorcerer's stone.
500 ## - GENERAL NOTE
General note Sequel: Harry Potter and the prisoner of Azkaban.
520 ## - SUMMARY, ETC.
Summary, etc When the Chamber of Secrets is opened again at the Hogwarts School for Witchcraft and Wizardry, second-year student Harry Potter finds himself in danger from a dark power that has once more been released on the school.
650 #0 - SUBJECT ADDED ENTRY--TOPICAL TERM
Topical Term Granger, Hermione (Fictitious character)
650 #0 - SUBJECT ADDED ENTRY--TOPICAL TERM
Topical Term Weasley, Ron (Fictitious character)
650 #0 - SUBJECT ADDED ENTRY--TOPICAL TERM
Topical Term Hogwarts School of Witchcraft and Wizardry (Imaginary organization)
650 #1 - SUBJECT ADDED ENTRY--TOPICAL TERM
Topical Term Wizards
650 #1 - SUBJECT ADDED ENTRY--TOPICAL TERM
Topical Term Magic
650 #1 - SUBJECT ADDED ENTRY--TOPICAL TERM
Topical Term Schools
700 1# - ADDED ENTRY--PERSONAL NAME
Personal name GrandPré, Mary,
942 ## - ADDED ENTRY ELEMENTS (KOHA)
Koha item type សៀវភៅភាសាអង់គ្លេស
952 ## - LOCATION AND ITEM INFORMATION (KOHA)
Withdrawn status [LOCAL, KOHA] 0
952 ## - LOCATION AND ITEM INFORMATION (KOHA)
Withdrawn status [LOCAL, KOHA] 0
Holdings
Permanent Location Date acquired Koha item type Lost status Shelving location Barcode Current Location Full call number
Library Block A2017-10-05សៀវភៅភាសាអង់គ្លេស A094A15268Library Block A823 ART 1999 A094 Or.
Library Block A2017-10-05សៀវភៅភាសាអង់គ្លេស A094A14840Library Block A823 ART 1999 A094 Or.
មជ្ឈមណ្ឌលឯការនៃសាកលវិទ្យាល័យភូមិន្ទកសិកម្មចំការដូង

Powered by Koha